[Event "Gibraltar Open"]
[Site "Caleta ENG"]
[Date "2012.01.28"]
[Round "5.34"]
[White "Tabatt, Hendrik"]
[Black "Del Rio De Angelis, Salvador G."]
[Result "1/2-1/2"]
[BlackTitle "GM"]
[WhiteElo "2281"]
[BlackElo "2531"]
[WhiteFideId "4653572"]
[BlackFideId "2203138"]
[EventDate "2012.01.24"]

1. e4 e6 2. d4 d5 3. Nc3 Bb4 4. exd5 exd5 5. Nf3 Ne7 6. Bd3 O-O 7. a3 Ba5 8. O-O
Bf5 9. Bg5 f6 10. Be3 Bg4 11. h3 Bh5 12. Na4 Bb6 13. Re1 Nbc6 14. c3 Qd7 15.
Nxb6 axb6 16. Bf4 Rae8 17. Re3 Na5 18. Qf1 Bg6 19. Rae1 Bxd3 20. Qxd3 Nc4 21.
R3e2 b5 22. b3 Na5 23. Nd2 c6 24. Qe3 Kf7 25. Bc7 Nc8 26. Qf3 Rxe2 27. Qxe2 b6
28. Bg3 g6 29. h4 Re8 30. Qxe8+ Qxe8 31. Rxe8 Kxe8 32. Kf1 Kd7 33. Ke2 Ne7 34.
f3 Nf5 35. Bf2 h5 36. g4 Nh6 37. Be3 Nf7 38. Kd3 Nd8 39. Bf2 Ne6 40. Ke3 f5 41.
gxf5 gxf5 42. Bg3 c5 43. b4 cxd4+ 44. cxd4 Nc6 45. Nb3 Ke7 46. Be5 Nf8 47. Kf4
Ng6+ 48. Kg5 Ngxe5 49. dxe5 Nxe5 50. Nd4 Nc4 51. Kxf5 Nxa3 52. Ke5 Nc4+ 53. Kxd5
Ne3+ 54. Ke5 Ng2 55. f4 Kf7 56. Nf3 Kg6 57. Ke4 Kf6 58. f5 Kg7 59. Ke5 Kf7 60.
Ng5+ Kf8 61. Ne6+ Kf7 62. Nf4 Nxh4 63. Nxh5 Nf3+ 64. Kd5 Ke7 65. Ng3 Ne1 66. Kc6
Nc2 67. Kxb5 Kf6 68. Kc4 Ke5 69. Kc3 Ne3 1/2-1/2

[Event "Gibraltar Open"]
[Site "Caleta ENG"]
[Date "2012.01.28"]
[Round "5.35"]
[White "Al-Sayed, Mohammed"]
[Black "Ben Artzi, Ido"]
[Result "1-0"]
[WhiteTitle "GM"]
[WhiteElo "2524"]
[BlackElo "2284"]
[WhiteFideId "12100196"]
[BlackFideId "2810913"]
[EventDate "2012.01.24"]

1. d4 Nf6 2. c4 g6 3. Nc3 d5 4. Bg5 Ne4 5. Bh4 Nxc3 6. bxc3 dxc4 7. e3 Be6 8.
Be2 Bg7 9. Nf3 O-O 10. O-O c5 11. Rb1 Bd5 12. Qc2 Qd7 13. e4 Bc6 14. Bxc4 Ba4
15. Bb3 Bxb3 16. Qxb3 cxd4 17. cxd4 b6 18. Rbc1 e6 19. Rc4 Qb7 20. Qc2 Na6 21.
Rc1 b5 22. Rc3 Bh6 23. Bf6 Nb4 24. Qb1 Na6 25. Ne5 Bg7 26. Bxg7 Kxg7 27. Nc6 Nb8
28. d5 Nxc6 29. dxc6 Qb6 30. c7 Rac8 31. Rc5 b4 32. h4 f6 33. Rc6 Qb7 34. Qd3
Rf7 35. Qd6 1-0

[Event "Gibraltar Open"]
[Site "Caleta ENG"]
[Date "2012.01.28"]
[Round "5.39"]
[White "Cabrera, Alexis"]
[Black "Mastalerz, Xavier"]
[Result "1-0"]
[WhiteTitle "GM"]
[WhiteElo "2504"]
[BlackElo "2135"]
[WhiteFideId "3502783"]
[BlackFideId "208310"]
[EventDate "2012.01.24"]

1. d4 e6 2. c4 Nf6 3. Nc3 Bb4 4. Qc2 O-O 5. e4 d5 6. e5 Ne4 7. Bd3 c5 8. Nf3 Nc6
9. O-O cxd4 10. Nxe4 dxe4 11. Bxe4 h6 12. Rd1 Bc5 13. Bf4 Bd7 14. a3 a5 15. Ne1
a4 16. Nd3 Qe7 17. Qe2 f5 18. exf6 Rxf6 19. Bg3 Rd8 20. f4 b6 21. Bh4 Na5 22.
Bxf6 Qxf6 23. Rf1 Nb3 24. Rae1 Bc8 25. Kh1 Ba6 26. Ne5 1-0

[Event "Gibraltar Open"]
[Site "Caleta ENG"]
[Date "2012.01.28"]
[Round "5.42"]
[White "Womacka, Mathias"]
[Black "Valhondo Morales, Ruben"]
[Result "1/2-1/2"]
[WhiteTitle "GM"]
[WhiteElo "2455"]
[BlackElo "2046"]
[WhiteFideId "4611390"]
[BlackFideId "22202692"]
[EventDate "2012.01.24"]

1. e4 c5 2. Nf3 d6 3. d4 cxd4 4. Nxd4 a6 5. c4 Nf6 6. Nc3 e6 7. Be2 Nbd7 8. O-O
b6 9. Be3 Bb7 10. f3 Be7 11. a4 O-O 12. Qd2 Ne5 13. a5 bxa5 14. Nb3 Nc6 15. Rfc1
Re8 16. Na4 Nd7 17. Bf1 Rb8 18. c5 d5 19. exd5 exd5 20. Qxd5 Ba8 21. Qd1 Bf6 22.
Bf2 Rb4 23. Rc4 Rb8 24. Nd4 Nde5 25. Nxc6 Bxc6 26. Qxd8 Rexd8 27. Rc2 Nd3 28.
Bxd3 Rxd3 29. Nb6 Rbd8 30. h4 Be5 31. Re1 Rd1 32. Nc4 Rxe1+ 33. Bxe1 Rd1 34. Kf2
Ba4 35. Rd2 Bd4+ 36. Ke2 Rxd2+ 37. Bxd2 Bxc5 38. Bxa5 f6 39. Bb6 Bb5 1/2-1/2

[Event "Gibraltar Open"]
[Site "Caleta ENG"]
[Date "2012.01.28"]
[Round "5.44"]
[White "Sos Andreu, Eric"]
[Black "Khurtsidze, Nino"]
[Result "0-1"]
[BlackTitle "IM"]
[WhiteElo "2113"]
[BlackElo "2444"]
[WhiteFideId "22247017"]
[BlackFideId "13600320"]
[EventDate "2012.01.24"]

1. c4 Nf6 2. Nf3 e6 3. g3 d5 4. d4 Bb4+ 5. Bd2 Be7 6. Bg2 c6 7. Qc2 Nbd7 8. O-O
b6 9. Bf4 Bb7 10. Rd1 Rc8 11. Ne5 O-O 12. Nc3 b5 13. b3 Nxe5 14. Bxe5 Qa5 15.
Bf4 Ba6 16. c5 b4 17. Nb1 Nd7 18. Bc1 e5 19. e3 e4 20. a3 Bd3 21. Qb2 bxa3 22.
Rxa3 Qc7 23. Bf1 Bxf1 24. Rxf1 Rb8 25. Qa2 Rb7 26. Bd2 Nf6 27. Kg2 Qd7 28. h3 h5
29. Nc3 h4 30. Ra1 Qf5 31. Be1 Qf3+ 32. Kh2 Ng4+ 33. hxg4 h3 0-1

[Event "Gibraltar Open"]
[Site "Caleta ENG"]
[Date "2012.01.28"]
[Round "5.45"]
[White "Ikonnikov, Vyacheslav"]
[Black "Thingstad, Even"]
[Result "1/2-1/2"]
[WhiteTitle "GM"]
[WhiteElo "2531"]
[BlackElo "2219"]
[WhiteFideId "4100972"]
[BlackFideId "1506439"]
[EventDate "2012.01.24"]

1. d4 d5 2. Nf3 Nf6 3. c4 c6 4. Nc3 e6 5. Bg5 h6 6. Bxf6 Qxf6 7. g3 Nd7 8. Bg2
dxc4 9. O-O Bd6 10. Ne4 Qe7 11. Nfd2 Bc7 12. Nxc4 O-O 13. Rc1 Rd8 14. Qc2 Nb6
15. Rfd1 Nxc4 16. Qxc4 Bb6 17. Qc3 Bd7 18. e3 Be8 19. Bf3 Rac8 20. b4 Bc7 21.
Nc5 Bd6 22. Nd3 Ra8 23. Rb1 Qc7 24. Rdc1 Qe7 25. Be4 Rac8 26. a4 Rc7 27. Rc2
Rcc8 28. Rbc1 Rc7 29. Kg2 Rdc8 30. f4 Rd8 31. Qb3 Kf8 32. Bf3 Kg8 33. b5 Rdc8
34. bxc6 Bxc6 35. Bxc6 Rxc6 36. Rxc6 Rxc6 37. Rxc6 bxc6 38. e4 Qc7 39. Qc4 Qb6
40. Kf3 Qb7 41. Ke2 Qb6 42. Kd2 Kf8 43. g4 g6 44. Kc2 Qc7 45. e5 Be7 46. f5 gxf5
47. gxf5 exf5 48. d5 Qa5 49. dxc6 Bd8 50. Qb4+ Ke8 51. Qd4 Bb6 52. Qd7+ Kf8 53.
Kb3 Qd2 54. Qxf5 Qd1+ 55. Kb4 Qd2+ 56. Kc4 Qa2+ 57. Kb4 Qd2+ 58. Kb3 Qd1+ 1/2-1/2

[Event "Gibraltar Open"]
[Site "Caleta ENG"]
[Date "2012.01.28"]
[Round "5.47"]
[White "Cramling, Pia"]
[Black "Kyas, Juergen"]
[Result "1-0"]
[WhiteTitle "GM"]
[WhiteElo "2491"]
[BlackElo "2195"]
[WhiteFideId "1700030"]
[BlackFideId "4618157"]
[EventDate "2012.01.24"]

1. d4 Nf6 2. c4 g6 3. Nc3 d5 4. Bf4 Bg7 5. e3 c5 6. dxc5 Qa5 7. Rc1 dxc4 8. Bxc4
O-O 9. Nf3 Qxc5 10. Bb3 Nc6 11. O-O Qa5 12. h3 Bf5 13. Qe2 Ne4 14. g4 Nxc3 15.
bxc3 Bc8 16. Rfd1 b6 17. Ng5 e5 18. Bg3 Ba6 19. Qf3 e4 20. Nxe4 Ne5 21. Nf6+
Bxf6 22. Qxf6 Rae8 23. Rd5 Qa3 24. Bxe5 Rxe5 25. Rxe5 Qxc1+ 26. Kh2 1-0

[Event "Gibraltar Open"]
[Site "Caleta ENG"]
[Date "2012.01.28"]
[Round "5.50"]
[White "Dukaczewski, Piotr"]
[Black "Nabaty, Tamir"]
[Result "0-1"]
[WhiteTitle "IM"]
[BlackTitle "GM"]
[WhiteElo "2344"]
[BlackElo "2563"]
[WhiteFideId "1103520"]
[BlackFideId "2809052"]
[EventDate "2012.01.24"]

1. c4 Nf6 2. Nc3 d5 3. cxd5 Nxd5 4. g3 g6 5. Bg2 Nb6 6. d4 Bg7 7. Nf3 O-O 8. O-O
Nc6 9. e3 Re8 10. a3 a5 11. Na4 Nxa4 12. Qxa4 Bd7 13. Qc2 Bf5 14. e4 Bg4 15. d5
Bxf3 16. dxc6 Bxg2 17. Kxg2 bxc6 18. Rd1 Qb8 19. Qxc6 Qb3 20. Rd7 Rab8 21. a4
Rb6 22. Qxc7 Qe6 23. Rd8 Kf8 24. Be3 Rxb2 25. Rad1 Qxe4+ 26. Kg1 f5 27. Qxa5 Rb4
28. Rxe8+ Kxe8 29. Qd8+ Kf7 30. a5 Ra4 31. Bb6 Bc3 32. h4 Qf3 33. Qd5+ Qxd5 34.
Rxd5 Ke6 35. Rc5 Bb4 36. Rc6+ Kf7 37. h5 Bxa5 38. hxg6+ hxg6 39. Bxa5 Rxa5 40.
Kg2 Ra3 41. Rb6 Ra4 42. Rb3 Kf6 43. Kf3 e5 44. Rb6+ Kg5 45. Rb3 e4+ 46. Kg2 Ra2
47. Rc3 Kg4 48. Rb3 g5 49. Rb4 Re2 50. Rb3 f4 51. gxf4 gxf4 52. Kf1 Rd2 53. f3+
Kg3 54. fxe4+ f3 55. Ke1 Re2+ 56. Kf1 Ra2 57. Ke1 Kg2 0-1

[Event "Gibraltar Open"]
[Site "Caleta ENG"]
[Date "2012.01.28"]
[Round "5.51"]
[White "Astaneh Lopez, Alex"]
[Black "Schiller, Eric"]
[Result "1-0"]
[WhiteTitle "IM"]
[BlackTitle "FM"]
[WhiteElo "2414"]
[BlackElo "2109"]
[WhiteFideId "2501430"]
[BlackFideId "2002973"]
[EventDate "2012.01.24"]

1. Nf3 d5 2. d4 e6 3. g3 c5 4. Bg2 Nc6 5. O-O Nf6 6. c4 Be7 7. dxc5 Bxc5 8. a3
O-O 9. b4 Be7 10. Bb2 dxc4 11. Qc2 Bd7 12. Qxc4 Rc8 13. Qa2 Qb6 14. Nbd2 a5 15.
Nc4 Qa6 16. bxa5 Nxa5 17. Nxa5 Qxa5 18. Rfc1 Bc6 19. Bc3 Qa4 20. Qb2 Rfd8 21.
Bb4 Nd5 22. Bxe7 Nxe7 23. h4 h6 24. Rc3 Rd1+ 25. Rxd1 Qxd1+ 26. Kh2 Rd8 27. Rc1
Qd6 28. Rc4 Ra8 29. Rc3 Ra5 30. Qc1 Rb5 31. Qc2 Ra5 32. Qb3 Nd5 33. Rd3 Bb5 34.
e4 Qa6 35. Rd2 Rxa3 36. Qc2 Nc3 37. Rd8+ Kh7 38. e5+ g6 39. h5 Qa4 40. hxg6+
fxg6 41. Qd2 Qb4 42. Rh8+ Kxh8 43. Qxh6+ Kg8 44. Qxg6+ Kf8 45. Ng5 Be8 46. Qh6+
Ke7 47. Qg7+ 1-0

[Event "Gibraltar Open"]
[Site "Caleta ENG"]
[Date "2012.01.28"]
[Round "5.53"]
[White "Adler, Bo"]
[Black "Javakhishvili, Lela"]
[Result "0-1"]
[BlackTitle "IM"]
[WhiteElo "2167"]
[BlackElo "2454"]
[WhiteFideId "1702149"]
[BlackFideId "13601458"]
[EventDate "2012.01.24"]

1. d4 d5 2. c4 c6 3. Nc3 Nf6 4. e3 e6 5. Qc2 Nbd7 6. Nf3 Bd6 7. Bd2 O-O 8. O-O-O
b5 9. e4 b4 10. e5 bxc3 11. Bxc3 Be7 12. exf6 Nxf6 13. c5 a5 14. Ne5 Qc7 15. Rd3
Ne4 16. Rh3 Bg5+ 17. Kb1 f6 18. Nf3 e5 19. Nxg5 fxg5 20. Rf3 Bf5 21. Ka1 g4 22.
Rxf5 Rxf5 23. Be1 Raf8 24. Bd3 exd4 25. h3 Rh5 26. Bxe4 dxe4 27. Qxe4 Rxc5 28.
Bd2 Qe5 29. Qd3 gxh3 30. Rxh3 Qf5 31. Qb3+ Qf7 32. Qd3 Rh5 33. Qxd4 Rxh3 34.
gxh3 Qxf2 35. Qc4+ Kh8 36. Bc1 c5 37. a3 Qd4 38. Qe2 c4 39. Qe7 Rd8 40. Bg5 Qd1+
41. Ka2 Qb3+ 42. Kb1 Rd1+ 43. Bc1 Qd3+ 44. Ka2 h6 0-1

[Event "Gibraltar Open"]
[Site "Caleta ENG"]
[Date "2012.01.28"]
[Round "5.54"]
[White "Cernousek, Lukas"]
[Black "Vanparys, Philip"]
[Result "1/2-1/2"]
[WhiteTitle "IM"]
[WhiteElo "2438"]
[BlackElo "2174"]
[WhiteFideId "311707"]
[BlackFideId "202975"]
[EventDate "2012.01.24"]

1. d4 d6 2. Nf3 f5 3. g3 g6 4. b3 Bg7 5. Bb2 Nf6 6. Bg2 O-O 7. O-O Qe8 8. c4 h6
9. Nbd2 Na6 10. Bc3 c5 11. e3 Rb8 12. a4 g5 13. dxc5 Nxc5 14. b4 Nce4 15. Nxe4
fxe4 16. Nd2 Bg4 17. Qe1 Qh5 18. f3 Bxf3 19. Nxf3 Ng4 20. h3 Bxc3 21. hxg4 Bxe1
22. gxh5 exf3 23. Raxe1 fxg2 24. Kxg2 Rbc8 25. Rc1 Rxf1 26. Kxf1 a5 27. bxa5 Kf7
28. Ke2 Rc5 29. Rf1+ Ke6 30. Rb1 Rxc4 31. Rxb7 Rxa4 32. Ra7 g4 33. Ra8 Kd5 34.
Rg8 Ra2+ 35. Kd3 Ra3+ 36. Ke2 Ra2+ 37. Kd3 Ra3+ 38. Kd2 Rxa5 39. Rxg4 Kc6 40.
Rc4+ Kd5 41. Rf4 Ke6 42. g4 Rg5 43. Kd3 Rd5+ 44. Ke4 Rd1 45. Kf3 Rf1+ 46. Kg3
Rxf4 47. exf4 Kf6 48. Kh4 e5 49. g5+ hxg5+ 50. fxg5+ Kf5 51. h6 Kg6 52. Kg3 d5
53. Kf3 Kh7 54. Ke2 Kg6 55. Kd2 Kh7 56. Kc3 Kg6 57. Kb4 e4 58. Kc3 e3 59. Kd3 d4
60. Ke2 1/2-1/2

[Event "Gibraltar Open"]
[Site "Caleta ENG"]
[Date "2012.01.28"]
[Round "5.55"]
[White "Aloma Vidal, Robert"]
[Black "Daoudi, Kamal"]
[Result "1-0"]
[WhiteTitle "IM"]
[WhiteElo "2431"]
[BlackElo "2165"]
[WhiteFideId "2260409"]
[BlackFideId "9001069"]
[EventDate "2012.01.24"]

1. d4 Nf6 2. Nf3 e6 3. e3 d5 4. Bd3 c5 5. b3 Nc6 6. Bb2 cxd4 7. exd4 Bd6 8. O-O
O-O 9. Nbd2 Nb4 10. Be2 Ne4 11. c4 Qf6 12. Ne5 Nc6 13. f4 Qe7 14. Nxe4 dxe4 15.
Qc2 f5 16. a3 Bd7 17. b4 Rac8 18. c5 Bb8 19. Qb3 Nxe5 20. dxe5 b5 21. cxb6 axb6
22. Bd4 g5 23. Qg3 Kh8 24. fxg5 Rc2 25. Qe3 Qg7 26. Rac1 Rxc1 27. Rxc1 Bxe5 28.
Bxe5 Qxe5 29. Qxb6 Qb2 30. Qe3 e5 31. Rd1 Ba4 32. g6 Kg7 33. Qa7+ Kxg6 34. Rd6+
Kg5 1-0

[Event "Gibraltar Open"]
[Site "Caleta ENG"]
[Date "2012.01.28"]
[Round "5.56"]
[White "Zhukova, Natalia"]
[Black "Schmidt, Ralf"]
[Result "1-0"]
[WhiteTitle "GM"]
[WhiteElo "2426"]
[BlackElo "2156"]
[WhiteFideId "14101513"]
[BlackFideId "4640950"]
[EventDate "2012.01.24"]

1. d4 g6 2. e4 c6 3. c4 d6 4. Nc3 Bg7 5. Nf3 Nf6 6. h3 O-O 7. Be3 e5 8. d5 Nh5
9. Nh2 a6 10. a3 c5 11. g3 Qc7 12. Be2 Nf6 13. Ng4 Nbd7 14. Nh6+ Kh8 15. h4 Ng8
16. Qd2 f5 17. h5 f4 18. hxg6 Nxh6 19. gxf4 exf4 20. Bxf4 Ne5 21. Bxh6 Nxg6 22.
Be3 Be5 23. O-O-O Qg7 24. Rdg1 Qf6 25. Rh6 Kg8 26. Bh5 Bf4 27. Bxf4 Qxf4 28.
Bxg6 1-0

[Event "Gibraltar Open"]
[Site "Caleta ENG"]
[Date "2012.01.28"]
[Round "5.58"]
[White "Samu, Sorin-Mihai"]
[Black "Hanley, Craig A"]
[Result "0-1"]
[BlackTitle "IM"]
[WhiteElo "2156"]
[BlackElo "2421"]
[WhiteFideId "1210165"]
[BlackFideId "408514"]
[EventDate "2012.01.24"]

1. e4 c5 2. Nc3 d6 3. Nge2 Nf6 4. d4 cxd4 5. Nxd4 a6 6. a4 e5 7. Nb3 Be6 8. Be2
Be7 9. Be3 Nc6 10. O-O O-O 11. Qd2 Nb4 12. Rfd1 Rc8 13. a5 Qd7 14. f3 Rfd8 15.
Bb6 Re8 16. Bf1 d5 17. exd5 Nfxd5 18. Nxd5 Qxd5 19. c4 Qxd2 20. Nxd2 f5 21. Ra4
Nc6 22. Nb3 e4 23. fxe4 fxe4 24. Be2 Ne5 25. Rd4 Bd7 26. Ra1 Bg5 27. Rd5 Bc6 28.
Rd6 Bf4 29. Rdd1 Nd3 30. Bg4 Ra8 31. g3 Bh6 32. Nd4 Be3+ 33. Kf1 Bxd4 34. Bxd4
Rad8 35. Bb6 Rd6 36. Ke2 Rh6 37. h4 Ne5 38. Bh3 e3 39. Rd4 Rg6 40. Rd8 Rxd8 41.
Bxd8 Rd6 42. Bc7 Rd2+ 43. Kxe3 Nxc4+ 44. Kf4 Rf2+ 45. Kg5 h6+ 46. Kh5 Be8+ 47.
Kg4 Ne3# 0-1

[Event "Gibraltar Open"]
[Site "Caleta ENG"]
[Date "2012.01.28"]
[Round "5.59"]
[White "Molina, Roberto Junio Brito"]
[Black "Daurelle, Herve"]
[Result "1-0"]
[WhiteTitle "IM"]
[WhiteElo "2415"]
[BlackElo "2148"]
[WhiteFideId "2109450"]
[BlackFideId "602655"]
[EventDate "2012.01.24"]

1. d4 Nf6 2. c4 e6 3. Nc3 c5 4. d5 exd5 5. cxd5 d6 6. e4 g6 7. h3 Bg7 8. Nf3 O-O
9. Bd3 b5 10. Bxb5 Nxe4 11. Nxe4 Qa5+ 12. Nfd2 Qxb5 13. Nxd6 Qa6 14. N2c4 Nd7
15. O-O Ne5 16. Nxe5 Bxe5 17. Nxc8 Raxc8 18. Re1 Rfe8 19. Bg5 Qd6 20. Rb1 Bh2+
21. Kh1 Rxe1+ 22. Qxe1 Qxd5 23. f4 Bxf4 24. Bxf4 Qxa2 25. Bd2 Rd8 26. Bc3 Qd5
27. Qh4 1-0

[Event "Gibraltar Open"]
[Site "Caleta ENG"]
[Date "2012.01.28"]
[Round "5.60"]
[White "Seyfried, Claus"]
[Black "Houska, Jovanka"]
[Result "0-1"]
[BlackTitle "IM"]
[WhiteElo "2141"]
[BlackElo "2414"]
[WhiteFideId "1271085"]
[BlackFideId "405094"]
[EventDate "2012.01.24"]

1. d4 d5 2. c4 e6 3. Nc3 Be7 4. Nf3 Nf6 5. Bg5 h6 6. Bh4 O-O 7. e3 Ne4 8. Bxe7
Qxe7 9. Bd3 Nxc3 10. bxc3 dxc4 11. Bxc4 b6 12. O-O Bb7 13. Ne5 Nd7 14. Nxd7 Qxd7
15. Qe2 c5 16. Rfd1 Rac8 17. e4 cxd4 18. Bb5 d3 19. Qh5 Qe7 20. Bxd3 Rxc3 21.
Rac1 Rxc1 22. Rxc1 Qa3 0-1

[Event "Gibraltar Open"]
[Site "Caleta ENG"]
[Date "2012.01.28"]
[Round "5.61"]
[White "Kandic, Milan"]
[Black "Nezad, Husein Aziz"]
[Result "1-0"]
[BlackTitle "IM"]
[WhiteElo "2131"]
[BlackElo "2402"]
[WhiteFideId "926752"]
[BlackFideId "12100293"]
[EventDate "2012.01.24"]

1. e4 c6 2. d4 d5 3. e5 Bf5 4. Nf3 e6 5. Be2 Bb4+ 6. c3 Ba5 7. O-O Nd7 8. h3 Bc7
9. Bd3 Ne7 10. Nh4 Bxd3 11. Qxd3 c5 12. Qg3 g6 13. Be3 h6 14. f4 Bb6 15. Nd2 Rc8
16. Rac1 Nb8 17. Nb3 Na6 18. dxc5 Nxc5 19. Nxc5 Bxc5 20. Bxc5 Rxc5 21. Kh2 Qc7
22. Rcd1 Rc4 23. Qf2 Nc6 24. Rd3 g5 25. Nf3 Rxf4 26. Qc5 b6 27. Qb5 O-O 28. Re1
Re4 1-0

[Event "Gibraltar Open"]
[Site "Caleta ENG"]
[Date "2012.01.28"]
[Round "5.62"]
[White "Alvarez Marquez, Johann"]
[Black "Jameson, David"]
[Result "1-0"]
[WhiteTitle "IM"]
[WhiteElo "2398"]
[BlackElo "2077"]
[WhiteFideId "3900649"]
[BlackFideId "1801538"]
[EventDate "2012.01.24"]

1. d4 Nf6 2. c4 e6 3. Nc3 Bb4 4. Qc2 O-O 5. a3 Bxc3+ 6. Qxc3 b6 7. Bg5 Bb7 8. e3
d6 9. Ne2 Nbd7 10. Qd3 h6 11. Bh4 Re8 12. Nc3 e5 13. Be2 e4 14. Qd2 Qc8 15. f4
exf3 16. gxf3 d5 17. cxd5 Nxd5 18. Nxd5 Bxd5 19. e4 Bb7 20. Rg1 Kh7 21. Qf4 f6
22. O-O-O g5 23. Qf5+ Kh8 24. Bg3 Re7 25. h4 Qg8 26. hxg5 Qxg5+ 27. Qxg5 hxg5
28. Rh1+ Rh7 29. Kb1 g4 30. Bxc7 gxf3 31. Bxf3 f5 32. d5 Rc8 33. Bd6 fxe4 34.
Bxe4 Rxh1 35. Rxh1+ Kg8 36. Bh7+ Kg7 37. Bf5 Bxd5 38. Bxd7 Be4+ 39. Ka1 Bxh1 40.
Bxc8 Kf6 41. Ba6 1-0

[Event "Gibraltar Open"]
[Site "Caleta ENG"]
[Date "2012.01.28"]
[Round "5.63"]
[White "Bosboom, Manuel"]
[Black "Eriksen, Magnus"]
[Result "1-0"]
[WhiteTitle "IM"]
[WhiteElo "2394"]
[BlackElo "2076"]
[WhiteFideId "1000080"]
[BlackFideId "1509764"]
[EventDate "2012.01.24"]

1. e4 c5 2. Nf3 d6 3. c3 Nf6 4. h3 Nc6 5. Bd3 g6 6. O-O Bg7 7. Bc2 O-O 8. Re1 e5
9. d3 Nh5 10. a3 Nf4 11. b4 Qf6 12. Be3 cxb4 13. axb4 g5 14. Nh2 Ne7 15. d4 Neg6
16. Nd2 Nh4 17. Bxf4 exf4 18. g3 Ng6 19. Qh5 Bd7 20. Ndf3 h6 21. Ra5 fxg3 22.
fxg3 Rfc8 23. Rf5 Bxf5 24. exf5 Re8 25. Rf1 Nf8 26. Ng4 Qe7 27. f6 Bxf6 28.
Nxh6+ 1-0

[Event "Gibraltar Open"]
[Site "Caleta ENG"]
[Date "2012.01.28"]
[Round "5.64"]
[White "Yurenok, Maria S"]
[Black "Wantiez, Fabrice"]
[Result "1/2-1/2"]
[WhiteTitle "WFM"]
[BlackTitle "FM"]
[WhiteElo "2109"]
[BlackElo "2366"]
[WhiteFideId "409359"]
[BlackFideId "202274"]
[EventDate "2012.01.24"]

1. d4 Nf6 2. c4 g6 3. Nf3 Bg7 4. g3 d5 5. cxd5 Nxd5 6. Bg2 Nb6 7. O-O Nc6 8. e3
O-O 9. Bd2 Bf5 10. Bc3 Nd5 11. Nh4 Bc8 12. Nd2 e5 13. Nb3 exd4 14. Bxd4 Nxd4 15.
Nxd4 Nb6 16. Qc2 c6 17. Rad1 Qe7 18. Rd2 Bd7 19. Rc1 Rac8 20. Qc5 Qxc5 21. Rxc5
Rfd8 22. Rcc2 Bf8 23. a3 c5 24. Nb3 Ba4 25. Rxd8 Rxd8 26. Rd2 Rxd2 27. Nxd2 c4
28. Nhf3 Bxa3 29. Ne5 Bxb2 30. Nexc4 Nxc4 31. Nxc4 Bc3 32. Bxb7 Bb3 33. Ba6 Kf8
34. Kf1 Ke7 35. Ke2 Ke6 36. e4 Kd7 37. h4 h5 38. Kd3 Be1 39. Ke2 Bb4 40. Kd3 Kc6
41. Ne5+ Kc5 42. Nd7+ Kd6 43. Nf6 Bc5 44. Ke2 Bd4 45. Nd5 Kc5 46. Ne3 Bxe3 47.
Kxe3 Bc4 48. Bb7 a5 49. Kd2 a4 50. Kc3 a3 51. f4 a2 52. Kb2 Kd4 53. f5 Ke5 54.
fxg6 fxg6 55. Bc6 Be6 56. Be8 Kf6 57. Bb5 Bg4 58. Kxa2 Bf3 59. Bd7 Ke5 60. Kb2
Kd4 61. e5 Kxe5 62. Kc3 Ke4 63. Be8 Kf5 64. Bd7+ Ke5 1/2-1/2

[Event "Gibraltar Open"]
[Site "Caleta ENG"]
[Date "2012.01.28"]
[Round "5.66"]
[White "Mihajlov, Svetoslav"]
[Black "Coleman, Teddy"]
[Result "1/2-1/2"]
[BlackTitle "FM"]
[WhiteElo "2101"]
[BlackElo "2356"]
[WhiteFideId "1507168"]
[BlackFideId "2022010"]
[EventDate "2012.01.24"]

1. e4 c6 2. d4 d5 3. Nd2 dxe4 4. Nxe4 Nd7 5. Nf3 Ngf6 6. Ng3 Qc7 7. Bd3 e6 8.
Qe2 b6 9. a4 Bb7 10. O-O g6 11. h4 Bg7 12. h5 Nxh5 13. Nxh5 gxh5 14. Bg5 Bf6 15.
Qe3 Bxg5 16. Nxg5 Nf6 17. Qe5 Qxe5 18. dxe5 h6 19. Nxe6 fxe6 20. Bg6+ Ke7 21.
exf6+ Kxf6 22. Bxh5 c5 23. Ra3 Rad8 24. Bf3 Bc8 25. a5 Rd2 26. axb6 axb6 27. Rb3
Rhd8 28. Rxb6 Rxc2 29. Rb8 Ke7 30. Ra1 Bd7 31. Rb7 Rd2 32. Ra5 Rc8 33. Ra6 Rd6
34. Raa7 c4 35. Ra5 Kf6 36. Raa7 Ke7 37. Rc7 Rxc7 38. Rxc7 Rd4 39. Be2 Rd2 40.
Bxc4 Rxb2 41. Ra7 Kd6 42. Ra5 Rc2 43. Bd3 Rc5 44. Rxc5 Kxc5 45. Be4 Kd4 46. Bg6 1/2-1/2

[Event "Gibraltar Open"]
[Site "Caleta ENG"]
[Date "2012.01.28"]
[Round "5.67"]
[White "Peek, Marcel"]
[Black "Thornton, John D"]
[Result "1-0"]
[WhiteTitle "IM"]
[WhiteElo "2354"]
[BlackElo "2050"]
[WhiteFideId "1000462"]
[BlackFideId "1800663"]
[EventDate "2012.01.24"]

1. d4 d5 2. c4 e6 3. Nf3 c5 4. cxd5 exd5 5. Nc3 Nc6 6. dxc5 d4 7. Na4 Bxc5 8.
Nxc5 Qa5+ 9. Bd2 Qxc5 10. Rc1 Qb6 11. e3 Nf6 12. Bc4 O-O 13. O-O Bg4 14. exd4
Nxd4 15. Be3 Bxf3 16. Qxd4 Qxd4 17. Bxd4 Bc6 18. Rfd1 Rfd8 19. b4 Ba4 20. Rd3
Rac8 21. Be3 Rxd3 22. Bxd3 Rxc1+ 23. Bxc1 Kf8 24. f3 Ke7 25. Kf2 Kd6 26. Bb2 h6
27. Bc4 Ke7 28. Ke3 Ne8 29. Be5 f6 30. Bb8 Nd6 31. Bd5 a6 32. Bxd6+ Kxd6 33.
Bxb7 Bb5 34. Ke4 Bc4 35. a3 Ke7 36. g3 h5 37. Kd4 Be2 38. Kc5 Ke6 39. a4 Ke5 40.
Bc6 f5 41. a5 f4 42. b5 fxg3 43. hxg3 axb5 44. a6 1-0

[Event "Gibraltar Open"]
[Site "Caleta ENG"]
[Date "2012.01.28"]
[Round "5.68"]
[White "De Seroux, Camille"]
[Black "Gislason, Gudmundur"]
[Result "0-1"]
[WhiteElo "2076"]
[BlackElo "2332"]
[WhiteFideId "1305620"]
[BlackFideId "2300559"]
[EventDate "2012.01.24"]

1. e4 c5 2. Nf3 a6 3. c4 g6 4. d4 Bg7 5. Nc3 Nc6 6. d5 Nd4 7. Bd3 d6 8. h3 Nf6
9. O-O O-O 10. Bf4 Nd7 11. Nxd4 cxd4 12. Ne2 Nc5 13. Rb1 e5 14. dxe6 fxe6 15.
Bc2 e5 16. Bc1 a5 17. b3 Qh4 18. Ng3 Bd7 19. a3 Bc6 20. Qe2 Ne6 21. Qg4 Qe7 22.
Ne2 Bd7 23. Qg3 g5 24. Bd2 Kh8 25. Nc1 Nf4 26. Re1 Rf6 27. Nd3 Rh6 28. Bxf4 exf4
29. Qf3 Be5 30. Nxe5 dxe5 31. Qd3 Rg8 32. f3 Bxh3 33. gxh3 Rxh3 34. Re2 g4 35.
Rg2 Qh4 36. Kf1 Rxf3+ 37. Ke2 Rxd3 0-1